ഭീതി / (Record no. 178224)
[ view plain ]
| 000 -LEADER | |
|---|---|
| fixed length control field | 00554nam a22001697a 4500 |
| 005 - DATE AND TIME OF LATEST TRANSACTION | |
| control field | 20210322165004.0 |
| 010 ## - LCCN (DPL NO) | |
| LC control number | MAL 0247 |
| 020 ## - INTERNATIONAL STANDARD BOOK NUMBER | |
| International Standard Book Number | 078-93-5390-561-3 |
| 035 ## - SYSTEM CONTROL NUMBER | |
| System control number | MA-8704 |
| 082 ## - DEWEY DECIMAL CLASSIFICATION NUMBER | |
| Classification number | 894.8123 |
| 100 ## - MAIN ENTRY--PERSONAL NAME | |
| Personal name | പോ, എഡ്ഗോർ അലൻ |
| 245 ## - TITLE STATEMENT | |
| Title | ഭീതി / |
| Statement of responsibility, etc | എഡ്ഗോർ അലൻ പോ |
| 260 ## - PUBLICATION, DISTRIBUTION, ETC. (IMPRINT) | |
| Place of publication, distribution, etc | Kottayam (Kerala) |
| Name of publisher, distributor, etc | ഡി സി ബുക്ക്സ് |
| Date of publication, distribution, etc | 2020 |
| 270 ## - ADDRESS | |
| Address | D C Books Kattayam- 686001 (Kerala) |
| 300 ## - PHYSICAL DESCRIPTION | |
| Extent | 240p. |
| Other physical details | 22cm(pbk) |
| 942 ## - ADDED ENTRY ELEMENTS (KOHA) | |
| Source of classification or shelving scheme | Dewey Decimal Classification |
| Item type | Malayalam Bks |
| Classification part | 894.8123 |
| Call number suffix | പോഎ |
| Withdrawn status | Lost status | Not for loan | Collection code | Home library | Current library | Date acquired | Cost, normal purchase price | Full call number | Barcode | Copy number | Cost, replacement price | Koha item type |
|---|---|---|---|---|---|---|---|---|---|---|---|---|
| Non-fiction | D.B.Act.Division | D.B.Act.Division | 22/03/2021 | 250.00 | 894.8123 പോഎ | MA-8704 | 1 | 250.00 | Malayalam Bks |
